[Event "CRO-chT2 Ost"]
[Site "Croatia"]
[Date "2015.10.17"]
[Round "8.63"]
[White "Prekratic, Marijan"]
[Black "Pavlovic, Zeljko"]
[Result "0-1"]
[WhiteElo "1891"]
[BlackElo "2012"]
[PlyCount "94"]
[EventDate "2015.04.25"]
[EventType "team-tourn"]
[EventRounds "11"]
[EventCountry "CRO"]
[SourceTitle "EXT 2016"]
[Source "ChessBase"]
[SourceDate "2015.10.08"]
[SourceVersion "1"]
[SourceVersionDate "2015.10.08"]
[SourceQuality "1"]

1. e4 e5 2. Nc3 Nf6 3. d3 Nc6 4. Nf3 d6 5. h3 h6 6. Be3 Be7 7. Be2 Be6 8. a3 d5 9. exd5 Nxd5 10. Nxd5 Bxd5 11. Qd2 Qd6 12. 0-0-0 0-0-0 13. Rhg1 f5 14. Qe1 Rhe8 15. Kb1 Bf7 16. Bc1 Qe6 17. b3 Kb8 18. Bb2 a5 19. d4 exd4 20. Nxd4 Nxd4 21. Bxd4 Rxd4 22. Rxd4 Bf6 23. Qxa5 Bxd4 24. Bf3 Qb6 25. Qa4 Bxf2 26. Rd1 Re1 27. Rxe1 Bxe1 28. Ka2 Bc3 29. Qd7 Qf6 30. Qb5 c6 31. Qf1 Qd4 32. Be2 f4 33. Bd3 Ba5 34. g3 Bc7 35. gxf4 Bxf4 36. Qe1 Be5 37. Qb1 Qc3 38. a4 Qb4 39. Qc1 Qxa4+ 40. Qa3 Qxa3+ 41. Kxa3 g5 42. Bf5 Bd5 43. c4 Bf3 44. Kb4 Kc7 45. c5 Be2 46. Bg4 Bxg4 47. hxg4 h5 0-1

[Event "CRO-chT2 Ost"]
[Site "Croatia"]
[Date "2015.05.10"]
[Round "6.64"]
[White "Prekratic, Marijan"]
[Black "Sasvari, Zelimir"]
[Result "0-1"]
[WhiteElo "1931"]
[BlackElo "2199"]
[PlyCount "110"]
[EventDate "2015.04.25"]
[EventType "team-tourn"]
[EventRounds "11"]
[EventCountry "CRO"]
[SourceTitle "EXT 2016"]
[Source "ChessBase"]
[SourceDate "2015.10.08"]
[SourceVersion "1"]
[SourceVersionDate "2015.10.08"]
[SourceQuality "1"]

1. d4 Nf6 2. Nf3 g6 3. h3 Bg7 4. Bf4 c5 5. e3 Qb6 6. Qc1 d6 7. c3 Bf5 8. Nbd2 0-0 9. Bc4 Nc6 10. Bb3 cxd4 11. exd4 e5 12. dxe5 dxe5 13. Be3 Qa6 14. Bc4 b5 15. Be2 Qb7 16. 0-0 Nd5 17. Bg5 h6 18. Bh4 Nf4 19. Re1 e4 20. Nh2 Ne5 21. Qd1 Ned3 22. Bxd3 Nxd3 23. Re3 g5 24. Bg3 Nxb2 25. Qb3 Nd3 26. a4 b4 27. Rb1 Bxc3 28. Nhf1 Qc6 29. Qc4 Qg6 30. Nxe4 Bxe4 31. Rxe4 Nc5 32. Ree1 Bxe1 33. Rxe1 Nd3 34. Re7 a5 35. Ne3 Rac8 36. Qd5 Rc5 37. Qd7 Nf4 38. Kh2 h5 39. h4 Qc6 40. Qxc6 Rxc6 41. hxg5 Ng6 42. Rb7 Rfc8 43. Nf5 h4 44. Nh6+ Kf8 45. Rxf7+ Ke8 46. Bf4 Nxf4 47. Rxf4 b3 48. Re4+ Kd7 49. Nf5 Rb8 50. Re1 b2 51. Rb1 Rc1 52. Rxb2 Rxb2 53. f4 Rf1 54. Nxh4 Rxf4 55. Ng6 Rf5 0-1

[Event "CRO-chT2 Ost"]
[Site "Croatia"]
[Date "2015.05.09"]
[Round "4.54"]
[White "Prekratic, Marijan"]
[Black "Kitarovic, Mihajlo"]
[Result "0-1"]
[WhiteElo "1931"]
[BlackElo "2012"]
[PlyCount "70"]
[EventDate "2015.04.25"]
[EventType "team-tourn"]
[EventRounds "11"]
[EventCountry "CRO"]
[SourceTitle "EXT 2016"]
[Source "ChessBase"]
[SourceDate "2015.10.08"]
[SourceVersion "1"]
[SourceVersionDate "2015.10.08"]
[SourceQuality "1"]

1. e4 c5 2. Nf3 Nc6 3. d4 cxd4 4. Nxd4 e6 5. c4 Nf6 6. Nxc6 bxc6 7. f3 Bc5 8. Nc3 a5 9. Qd3 Qb6 10. Nd1 d5 11. b3 Ba6 12. e5 Nd7 13. f4 Rd8 14. Be3 dxc4 15. Bxc5 cxd3 16. Bxb6 Nxb6 17. Kd2 Nd5 18. g3 g5 19. Ne3 gxf4 20. Nxd5 Rxd5 21. gxf4 Rg8 22. Rc1 Kd7 23. Bh3 a4 24. Rc3 axb3 25. axb3 Ra5 26. Ke3 Ra2 27. Rd1 Rxh2 28. Bf1 Rg3+ 29. Ke4 Rg1 30. Ke3 Kc7 31. Rdc1 Bb5 32. Bxd3 Rxc1 33. Rxc1 Rh3+ 34. Ke4 Bxd3+ 35. Kd4 Bg6 0-1

[Event "CRO-chT2 East"]
[Site "Croatia"]
[Date "2014.04.27"]
[Round "3.14"]
[White "Bjelica, Vladimir"]
[Black "Prekratic, Marijan"]
[Result "1/2-1/2"]
[WhiteElo "2018"]
[BlackElo "1933"]
[PlyCount "65"]
[EventDate "2014.04.26"]
[EventType "team-tourn"]
[EventRounds "11"]
[EventCountry "CRO"]
[SourceTitle "EXT 2019"]
[Source "ChessBase"]
[SourceDate "2018.10.10"]
[SourceVersion "1"]
[SourceVersionDate "2018.10.10"]
[SourceQuality "1"]

1. e4 e5 2. Nf3 d6 3. Nc3 c6 4. d4 Qc7 5. h3 h6 6. Be2 Nf6 7. 0-0 Be7 8. d5 0-0 9. Be3 Nh7 10. Qd2 f5 11. exf5 Bxf5 12. Bd3 Nd7 13. Bxf5 Rxf5 14. Nh2 Raf8 15. f3 c5 16. Ne4 Ndf6 17. c4 Nd7 18. a3 Qd8 19. b4 b6 20. Rab1 Ng5 21. Ng3 R5f7 22. b5 Nh7 23. a4 Bg5 24. Ne4 Bxe3+ 25. Qxe3 Qe7 26. Rbe1 Rf4 27. g3 R4f5 28. Kg2 g5 29. Ng4 Kg7 30. Nh2 Kg6 31. Rg1 Nhf6 32. a5 Nxe4 33. fxe4 1/2-1/2

[Event "Osijek-ch op"]
[Site "Osijek"]
[Date "2014.02.22"]
[Round "5"]
[White "Cajzler, Hinko"]
[Black "Prekratic, Marijan"]
[Result "1-0"]
[WhiteElo "2139"]
[BlackElo "1933"]
[PlyCount "91"]
[EventDate "2014.02.20"]
[EventType "swiss"]
[EventRounds "7"]
[EventCountry "CRO"]
[SourceTitle "CBM 159 Extra"]
[Source "ChessBase"]
[SourceDate "2014.04.24"]
[SourceVersion "1"]
[SourceVersionDate "2014.04.24"]
[SourceQuality "1"]

1. c4 e5 2. Nc3 c6 3. Nf3 d6 4. d4 Qc7 5. e4 Bg4 6. Be2 h6 7. h3 Bh5 8. g4 Bg6 9. Nh4 Bh7 10. Nf5 g6 11. Ng3 Nd7 12. Be3 a6 13. Rc1 Ngf6 14. a3 Bg7 15. b4 c5 16. dxc5 dxc5 17. Nd5 Qc6 18. h4 Rf8 19. g5 Ng8 20. Bg4 Rd8 21. Qb3 b6 22. 0-0 h5 23. Bh3 Ne7 24. Rfd1 f5 25. exf5 Nxf5 26. Bxf5 Rxf5 27. Nxf5 gxf5 28. b5 Qg6 29. bxa6 f4 30. a7 Qe4 31. Nc7+ Ke7 32. Bxf4 Qb7 33. Nd5+ Kf7 34. Bg3 Qxa7 35. Qf3+ Ke6 36. Qxh5 Bf5 37. Qf3 Rf8 38. Nf6 Nxf6 39. gxf6 Rxf6 40. Qd5+ Ke7 41. Qxe5+ Kf7 42. Rd8 Qa4 43. h5 Qc6 44. Re1 Be6 45. Qb8 Bd7 46. Qa7 1-0

[Event "Osijek-ch op"]
[Site "Osijek"]
[Date "2014.02.20"]
[Round "2"]
[White "Grandic, Zvjezdan"]
[Black "Prekratic, Marijan"]
[Result "1-0"]
[WhiteElo "2217"]
[BlackElo "1933"]
[PlyCount "59"]
[EventDate "2014.02.20"]
[EventType "swiss"]
[EventRounds "7"]
[EventCountry "CRO"]
[SourceTitle "CBM 159 Extra"]
[Source "ChessBase"]
[SourceDate "2014.04.24"]
[SourceVersion "1"]
[SourceVersionDate "2014.04.24"]
[SourceQuality "1"]

1. e4 e6 2. d4 d5 3. Bd3 dxe4 4. Bxe4 Nf6 5. Bf3 c6 6. Ne2 h6 7. 0-0 Bd6 8. c4 0-0 9. Nbc3 e5 10. Be3 Bg4 11. Ne4 Bxf3 12. gxf3 Nxe4 13. fxe4 Qh4 14. dxe5 Bxe5 15. f4 Bc7 16. Ng3 Rd8 17. Qf3 Nd7 18. e5 Qh3 19. Rac1 Nf8 20. Rc3 Rd7 21. Rb3 Bb6 22. c5 Bd8 23. Qe2 Ng6 24. Ne4 b6 25. Nd6 Ne7 26. f5 Nd5 27. Bg5 Qxb3 28. axb3 Bxg5 29. e6 fxe6 30. Qxe6+ 1-0

[Event "Osijek Baranja CupT 6th"]
[Site "Osijek"]
[Date "2013.03.09"]
[Round "2.2"]
[White "Bosnjak, Petar"]
[Black "Prekratic, Marijan"]
[Result "1-0"]
[WhiteElo "2056"]
[BlackElo "1942"]
[PlyCount "75"]
[EventDate "2013.03.08"]
[EventType "team-tourn"]
[EventRounds "5"]
[EventCountry "CRO"]
[SourceTitle "EXT 2014"]
[Source "ChessBase"]
[SourceDate "2013.11.20"]
[SourceVersion "1"]
[SourceVersionDate "2013.11.20"]
[SourceQuality "1"]

1. e4 e6 2. d4 d5 3. Nd2 Nf6 4. e5 Nfd7 5. Bd3 c5 6. c3 Nb6 7. Ne2 Nc6 8. 0-0 Bd7 9. Nf3 h6 10. Be3 c4 11. Bc2 Qc7 12. Ng3 0-0-0 13. Nd2 f5 14. exf6 gxf6 15. b3 Na5 16. Qf3 Be7 17. Rfe1 Rdf8 18. Bf4 Bd6 19. Bxd6 Qxd6 20. Qe3 h5 21. f4 h4 22. Ngf1 Rfg8 23. Bd1 Rg7 24. Bf3 Qa3 25. f5 exf5 26. Qf4 Qf8 27. Ne3 Rg5 28. Nxd5 Nxd5 29. Bxd5 cxb3 30. axb3 Rg4 31. Qf3 Qd8 32. Nc4 Nxc4 33. bxc4 Re4 34. Bxe4 fxe4 35. Qxe4 Bc6 36. d5 Qb6+ 37. Qd4 Bd7 38. Qxb6 1-0

[Event "Osijek op"]
[Site "Osijek"]
[Date "2013.02.23"]
[Round "6.15"]
[White "Prekratic, Marijan"]
[Black "Blaga, Marijan"]
[Result "1/2-1/2"]
[WhiteElo "1927"]
[BlackElo "2090"]
[PlyCount "194"]
[EventDate "2013.02.21"]
[EventType "swiss"]
[EventRounds "7"]
[EventCountry "CRO"]
[SourceTitle "EXT 2014"]
[Source "ChessBase"]
[SourceDate "2013.11.20"]
[SourceVersion "1"]
[SourceVersionDate "2013.11.20"]
[SourceQuality "1"]

1. d4 d5 2. Nf3 Nf6 3. c4 e6 4. a3 c5 5. Nc3 cxd4 6. Qxd4 Nc6 7. Qd3 d4 8. Ne4 Nxe4 9. Qxe4 f5 10. Qh4 Be7 11. Bg5 Bxg5 12. Qxg5 Qxg5 13. Nxg5 h6 14. Nf3 e5 15. 0-0-0 Be6 16. b3 0-0-0 17. e3 dxe3 18. fxe3 g5 19. Be2 Kc7 20. Rxd8 Rxd8 21. Rd1 Rxd1+ 22. Kxd1 Kd6 23. Kc2 g4 24. Nd2 h5 25. g3 Ne7 26. b4 b6 27. Kd3 Ng6 28. Bf1 h4 29. Ke2 h3 30. Kf2 Bc8 31. Bd3 e4 32. Bc2 Ne5 33. Bb3 Ba6 34. Ke2 Nd3 35. Kd1 Ne5 36. Kc2 Ng6 37. Nf1 Ne5 38. Kc3 Nf3 39. Bd1 Ne5 40. Be2 Bc8 41. Kd4 Nc6+ 42. Kc3 Be6 43. Bd1 Bf7 44. Ba4 Ne5 45. Bb5 Nf3 46. Ba6 Be6 47. Bb5 Ne5 48. Kd4 Nf3+ 49. Kc3 Bc8 50. Ba4 Ke5 51. Bd1 Ng5 52. Be2 Kd6 53. Kd4 Ne6+ 54. Kc3 Bd7 55. Bd1 Ng5 56. Kb3 Bc6 57. Kc3 Bd7 58. Bb3 Nf3 59. Bd1 Ke5 60. Bb3 Kd6 61. Bd1 Ke5 62. Bb3 Ne1 63. Bd1 Nf3 64. Bb3 Be6 65. Ba4 Kd6 66. Bd1 Ne5 67. Bb3 Kc6 68. Nd2 Nf3 69. Nf1 Kb7 70. Bd1 Kc7 71. Ba4 a6 72. Bd1 Kc6 73. Be2 b5 74. c5 Ba2 75. a4 Be6 76. axb5+ axb5 77. Kc2 Ba2 78. Kb2 Bc4 79. Bxc4 bxc4 80. Kc2 Kb5 81. Kc3 Ne5 82. Nd2 Kc6 83. Nf1 Kd5 84. Nd2 Nf3 85. Nf1 Ng1 86. c6 Kxc6 87. Kxc4 Nf3 88. b5+ Kb6 89. Kd5 Kxb5 90. Ke6 Kc4 91. Kxf5 Kd3 92. Kxg4 Ke2 93. Kxh3 Kxf1 94. Kg4 Kf2 95. Kf4 Nxh2 96. g4 Nxg4 97. Kxe4 Nxe3 1/2-1/2

[Event "Osijek op"]
[Site "Osijek"]
[Date "2013.02.21"]
[Round "1.13"]
[White "Prekratic, Marijan"]
[Black "Sasvari, Zelimir"]
[Result "1/2-1/2"]
[WhiteElo "1927"]
[BlackElo "2199"]
[PlyCount "164"]
[EventDate "2013.02.21"]
[EventType "swiss"]
[EventRounds "7"]
[EventCountry "CRO"]
[SourceTitle "EXT 2014"]
[Source "ChessBase"]
[SourceDate "2013.11.20"]
[SourceVersion "1"]
[SourceVersionDate "2013.11.20"]
[SourceQuality "1"]

1. d4 c5 2. c3 Nf6 3. Nf3 e6 4. Bg5 cxd4 5. cxd4 Qb6 6. Qc1 Nc6 7. e3 Ne4 8. Bh4 d5 9. a3 Bd7 10. Nc3 Rc8 11. Bd3 Bd6 12. 0-0 0-0 13. Qb1 f5 14. Bxe4 fxe4 15. Nd2 Na5 16. f4 Nc4 17. Nxc4 Rxc4 18. Qa2 g6 19. Rac1 Kg7 20. Rcd1 Rfc8 21. Rc1 Qa6 22. Be1 b5 23. Qa1 Qb7 24. Bd2 a5 25. Na2 b4 26. axb4 axb4 27. Qb1 Ra8 28. b3 Rc6 29. Rxc6 Bxc6 30. Re1 Bb5 31. Qb2 Bd3 32. Nc1 Qa6 33. Nxd3 Qxd3 34. Rb1 Ra3 35. Bc1 Qa6 36. Qc2 Ra2 37. Rb2 Ra1 38. Kf2 h5 39. g3 Kf7 40. h4 Ke7 41. Rb1 Ra2 42. Rb2 Ra5 43. Qe2 Qa8 44. Bd2 Ra1 45. Be1 Qa3 46. Qc2 Kf6 47. Qd2 Kf5 48. Qc2 Qa6 49. Qe2 Qd3 50. Qxd3 exd3 51. Bd2 Ke4 52. Kg2 Be7 53. Kf2 Rd1 54. Ra2 Rb1 55. Ra7 Rb2 56. Ke1 Kf3 57. Rxe7 Rb1+ 58. Bc1 Rxc1+ 59. Kd2 Rc3 60. Rxe6 Rxb3 61. Rxg6 Rb2+ 62. Kxd3 Rb3+ 63. Kd2 Rxe3 64. Rg5 Re2+ 65. Kd1 Ra2 66. Rxd5 Ke4 67. Rxh5 Kd3 68. Ke1 b3 69. Rb5 b2 70. h5 Ra1+ 71. Kf2 b1Q 72. Rxb1 Rxb1 73. Kf3 Kxd4 74. Kg4 Rg1 75. h6 Ke4 76. Kg5 Rxg3+ 77. Kf6 Ra3 78. h7 Ra8 79. Kg7 Ra7+ 80. Kg6 Rxh7 81. Kxh7 Kxf4 82. Kg6 Ke5 1/2-1/2

[Event "Osijek op"]
[Site "Osijek"]
[Date "2013.02.21"]
[Round "2.21"]
[White "Udovicic, Dominik"]
[Black "Prekratic, Marijan"]
[Result "1/2-1/2"]
[WhiteElo "1627"]
[BlackElo "1927"]
[PlyCount "92"]
[EventDate "2013.02.21"]
[EventType "swiss"]
[EventRounds "7"]
[EventCountry "CRO"]
[SourceTitle "EXT 2014"]
[Source "ChessBase"]
[SourceDate "2013.11.20"]
[SourceVersion "1"]
[SourceVersionDate "2013.11.20"]
[SourceQuality "1"]

1. f4 Nc6 2. Nf3 d5 3. e3 h6 4. Bb5 Bd7 5. 0-0 Nf6 6. d3 e6 7. Nc3 Nb8 8. Bxd7+ Nbxd7 9. b3 a6 10. Bb2 Bc5 11. Qe2 Qe7 12. Kh1 Ba3 13. Bxa3 Qxa3 14. Rfe1 Qb4 15. Qd2 Qd6 16. e4 dxe4 17. Nxe4 Nxe4 18. Rxe4 0-0-0 19. Rae1 Nf6 20. R4e2 Nh5 21. Re4 Nf6 22. R4e2 Rhe8 23. Ne5 Qf8 24. Qc3 Rd5 25. Nc4 Kb8 26. Re5 Qc5 27. Rxd5 Nxd5 28. Qxg7 Qf2 29. Qg3 Qxc2 30. Ne5 Qd2 31. f5 Nf6 32. fxe6 fxe6 33. Qe3 Qxa2 34. Qxh6 Qf2 35. Qe3 Qh4 36. Rf1 Nd5 37. Qe4 Qxe4 38. dxe4 Nc3 39. Nd7+ Kc8 40. Nc5 b6 41. Nxa6 Nxe4 42. Rf7 c5 43. Rc7+ Kd8 44. Rc6 Kd7 45. Rxb6 Ra8 46. h4 Rh8 1/2-1/2

[Event "Osijek-ch op"]
[Site "Osijek"]
[Date "2012.02.23"]
[Round "1"]
[White "Prekratic, Marijan"]
[Black "Mestrovic, Zvonimir"]
[Result "0-1"]
[WhiteElo "1942"]
[BlackElo "2376"]
[PlyCount "54"]
[EventDate "2012.02.23"]
[EventType "swiss"]
[EventRounds "7"]
[EventCountry "CRO"]
[SourceTitle "EXT 2013"]
[Source "ChessBase"]
[SourceDate "2012.11.22"]
[SourceVersion "1"]
[SourceVersionDate "2012.11.22"]
[SourceQuality "1"]

1. e4 Nc6 2. Nf3 d6 3. d4 Nf6 4. d5 Nb8 5. Bd3 g6 6. c4 Bg7 7. h3 0-0 8. Nc3 c6 9. Be3 e6 10. Qd2 exd5 11. cxd5 cxd5 12. exd5 Nbd7 13. 0-0-0 Nc5 14. Bc2 Re8 15. Bg5 Qb6 16. Rde1 Bd7 17. g4 Rac8 18. Kb1 Nxd5 19. Rxe8+ Bxe8 20. Qxd5 Bxc3 21. Bc1 Bc6 22. Qd1 Be4 23. Rf1 Bg7 24. Nd4 Na4 25. Bxe4 Nc3+ 26. Ka1 Nxd1 27. Rxd1 Bxd4 0-1

[Event "Osijek op"]
[Site "Osijek"]
[Date "2009.02.07"]
[Round "7"]
[White "Radic, Tomislav"]
[Black "Prekratic, Marijan"]
[Result "1-0"]
[WhiteElo "2132"]
[BlackElo "1900"]
[PlyCount "105"]
[EventDate "2009.01.31"]
[EventType "swiss"]
[EventRounds "9"]
[EventCountry "CRO"]
[SourceTitle "EXT 2010"]
[Source "ChessBase"]
[SourceDate "2010.11.25"]
[SourceVersion "1"]
[SourceVersionDate "2010.11.25"]
[SourceQuality "1"]

1. c4 b6 2. Nf3 c5 3. d4 d6 4. e4 cxd4 5. Nxd4 Bd7 6. Nc3 Nc6 7. Be3 Nxd4 8. Bxd4 Nf6 9. Bd3 Bc6 10. 0-0 Nd7 11. Qe2 e6 12. Rac1 Nf6 13. f4 Be7 14. Rf3 Qd7 15. Bb1 0-0-0 16. b4 Kb8 17. a4 d5 18. Be5+ Ka8 19. cxd5 exd5 20. exd5 Bb7 21. d6 Bxd6 22. Rd3 Qc7 23. Rcd1 Bxe5 24. Nb5 Bd4+ 25. Rxd4 Qb8 26. Qe7 Rc8 27. Bf5 Rc6 28. Qxf7 a6 29. Nd6 Rc7 30. Qe6 Rd8 31. a5 b5 32. Nxb7 Rxd4 33. Rxd4 Rxb7 34. Qxa6+ Qa7 35. Qxa7+ Kxa7 36. Kf2 Re7 37. h3 g6 38. Bd3 Rb7 39. g4 Rb8 40. Kf3 Rb7 41. Rd6 Ne8 42. Rd5 Ka6 43. g5 Ng7 44. Rd6+ Ka7 45. Be4 Rf7 46. Rd8 Rxf4+ 47. Ke3 Rxe4+ 48. Kxe4 Ne6 49. Rd7+ Kb8 50. h4 Nc7 51. Rxc7 Kxc7 52. Kd5 Kd7 53. a6 1-0

[Event "Osijek op"]
[Site "Osijek"]
[Date "2009.02.06"]
[Round "6"]
[White "Prekratic, Marijan"]
[Black "Nestorovic, Vladimir"]
[Result "1/2-1/2"]
[WhiteElo "1900"]
[BlackElo "2256"]
[PlyCount "50"]
[EventDate "2009.01.31"]
[EventType "swiss"]
[EventRounds "9"]
[EventCountry "CRO"]
[SourceTitle "EXT 2010"]
[Source "ChessBase"]
[SourceDate "2010.11.25"]
[SourceVersion "1"]
[SourceVersionDate "2010.11.25"]
[SourceQuality "1"]

1. e4 c6 2. Nf3 d5 3. exd5 cxd5 4. d4 Nf6 5. c3 Nc6 6. h3 e6 7. Bf4 Bd6 8. Bxd6 Qxd6 9. Bb5 0-0 10. 0-0 Ne7 11. Ne5 Ne4 12. Nd2 f5 13. f4 Qb6 14. Nxe4 fxe4 15. Qb3 Nf5 16. Kh2 Qd8 17. g3 a6 18. Be2 b5 19. a3 Bd7 20. Rae1 Rb8 21. Bg4 Ne7 22. Nxd7 Qxd7 23. Rxe4 Rf6 24. Re2 Ng6 25. Rfe1 Nf8 1/2-1/2

[Event "Bizovac Metalis op 15th"]
[Site "Bizovac"]
[Date "2008.02.21"]
[Round "1"]
[White "Prekratic, Marijan"]
[Black "Pandurevic, Miro"]
[Result "0-1"]
[WhiteElo "1940"]
[BlackElo "2286"]
[PlyCount "118"]
[EventDate "2008.02.21"]
[EventType "swiss"]
[EventRounds "7"]
[EventCountry "CRO"]
[SourceTitle "CBM 122 Extra"]
[Source "ChessBase"]
[SourceDate "2008.03.04"]
[SourceVersion "1"]
[SourceVersionDate "2008.03.04"]
[SourceQuality "1"]

1. e4 e6 2. Nf3 d5 3. exd5 exd5 4. d4 Bd6 5. Bg5 f6 6. Bh4 Ne7 7. Bg3 Nf5 8. Bxd6 Qxd6 9. c3 0-0 10. Be2 Qb6 11. Qb3 Qe6 12. Na3 c6 13. Rd1 Nd6 14. Rd2 Ne4 15. Rc2 b5 16. Nb1 Qg4 17. 0-0 Bf5 18. Rcc1 Nd7 19. Rce1 Qf4 20. a3 Nb6 21. g3 Qh6 22. Nh4 Bh3 23. Ng2 Rae8 24. f4 a5 25. Qc2 a4 26. Nd2 Nd6 27. Bd3 g6 28. Qd1 Bf5 29. Bxf5 Nxf5 30. Qf3 Qg7 31. Ne3 Nd6 32. Nc2 Nbc4 33. Nxc4 Nxc4 34. Re2 Qd7 35. Nb4 Rxe2 36. Qxe2 Re8 37. Qf2 Re3 38. Re1 Rxe1+ 39. Qxe1 Nxb2 40. Qc1 Nc4 41. Kf2 Kf7 42. h4 Qe6 43. Qe1 Nxa3 44. Qxe6+ Kxe6 45. Ke3 Kd6 46. g4 Nc4+ 47. Kd3 c5 48. Na2 cxd4 49. cxd4 Na5 50. f5 a3 51. fxg6 hxg6 52. h5 gxh5 53. gxh5 Ke6 54. Nb4 Nc6 55. Nc2 b4 56. Ke3 Kf5 57. h6 Kg6 58. h7 Kxh7 59. Kf4 Kg6 0-1

[Event "Osijek op"]
[Site "Osijek"]
[Date "2008.01.30"]
[Round "5"]
[White "Prekratic, Marijan"]
[Black "Vihovanec, Tomislav"]
[Result "1/2-1/2"]
[WhiteElo "1940"]
[BlackElo "1998"]
[PlyCount "32"]
[EventDate "2008.01.26"]
[EventType "team-tourn"]
[EventRounds "9"]
[EventCountry "CRO"]
[SourceTitle "EXT 2009"]
[Source "ChessBase"]
[SourceDate "2008.11.26"]
[SourceVersion "1"]
[SourceVersionDate "2008.11.26"]
[SourceQuality "1"]

1. e4 c5 2. Nf3 Nc6 3. d4 cxd4 4. Nxd4 e6 5. c3 Nf6 6. Bd3 d5 7. exd5 Nxd4 8. Qa4+ Qd7 9. Qxd4 Qxd5 10. Qxd5 Nxd5 11. Bb5+ Bd7 12. Bxd7+ Kxd7 13. Ke2 Bd6 14. g3 Rac8 15. Rd1 Ke7 16. Nd2 Be5 1/2-1/2

[Event "Osijek op"]
[Site "Osijek"]
[Date "2008.01.29"]
[Round "4"]
[White "Kovacevic, Srecko"]
[Black "Prekratic, Marijan"]
[Result "0-1"]
[WhiteElo "2094"]
[BlackElo "1940"]
[PlyCount "120"]
[EventDate "2008.01.26"]
[EventType "team-tourn"]
[EventRounds "9"]
[EventCountry "CRO"]
[SourceTitle "EXT 2009"]
[Source "ChessBase"]
[SourceDate "2008.11.26"]
[SourceVersion "1"]
[SourceVersionDate "2008.11.26"]
[SourceQuality "1"]

1. d4 Nf6 2. Nf3 e6 3. e3 b6 4. Nbd2 Ba6 5. Bxa6 Nxa6 6. 0-0 d5 7. Qe2 Nb8 8. e4 Be7 9. exd5 Nxd5 10. Re1 0-0 11. Ne4 Nd7 12. c4 N5f6 13. Bd2 Nxe4 14. Qxe4 Bf6 15. Bc3 c5 16. Rad1 cxd4 17. Bxd4 Qc7 18. b3 Bxd4 19. Rxd4 Nf6 20. Qd3 Rad8 21. Rd1 Rxd4 22. Qxd4 h6 23. Ne5 Rc8 24. f3 Qc5 25. Qxc5 bxc5 26. Rd6 Rc7 27. Rd8+ Kh7 28. Rf8 Ng8 29. Rxf7 Ne7 30. Rf8 Nc6 31. f4 Nxe5 32. fxe5 Kg6 33. Kf2 Rd7 34. Rc8 Rd2+ 35. Kf3 Rxa2 36. Rxc5 h5 37. Rc7 Rb2 38. Rxa7 Rxb3+ 39. Kf4 Rb2 40. Kf3 Rc2 41. Rc7 Rc3+ 42. Ke4 Rc2 43. Kd4 Rxg2 44. Kc5 Kf5 45. Kb6 g5 46. Rh7 Rxh2 47. c5 Kxe5 48. c6 h4 49. c7 Rc2 50. Rh8 Kf4 51. c8Q Rxc8 52. Rxc8 g4 53. Kc5 h3 54. Kd4 h2 55. Rf8+ Kg3 56. Rh8 Kg2 57. Ke4 g3 58. Kf4 e5+ 59. Kg4 e4 60. Rh3 Kf2 0-1

[Event "Osijek op"]
[Site "Osijek"]
[Date "2007.02.16"]
[Round "9"]
[White "Oreskovic, Pero"]
[Black "Prekratic, Marijan"]
[Result "1-0"]
[WhiteElo "2146"]
[BlackElo "1936"]
[PlyCount "109"]
[EventDate "2007.02.08"]
[EventType "swiss"]
[EventRounds "9"]
[EventCountry "CRO"]
[SourceTitle "EXT 2008"]
[Source "ChessBase"]
[SourceDate "2007.11.25"]
[SourceVersion "1"]
[SourceVersionDate "2007.11.25"]
[SourceQuality "1"]

1. e4 e6 2. Nf3 d5 3. Nc3 dxe4 4. Nxe4 Nf6 5. Ng3 c5 6. Be2 b6 7. 0-0 Bb7 8. Ne5 a6 9. Bf3 Qc7 10. Bxb7 Qxb7 11. d4 Nbd7 12. Bg5 h6 13. Be3 Rd8 14. Nf3 Bd6 15. Qe2 b5 16. dxc5 Bxc5 17. Rfe1 Bxe3 18. Qxe3 0-0 19. c3 Qb6 20. Qf4 Qb8 21. Qb4 Nd5 22. Qh4 Qf4 23. Qh3 N5f6 24. Nd4 Qg4 25. Qxg4 Nxg4 26. a4 Rb8 27. axb5 axb5 28. Ra7 Ngf6 29. Ra5 Nc5 30. Rxb5 Rxb5 31. Nxb5 Nd3 32. Re2 Rb8 33. c4 h5 34. Rd2 Nb4 35. f3 Kf8 36. Ne4 Nxe4 37. fxe4 Ke7 38. Kf2 e5 39. Nc7 Nc6 40. Ke1 Rb3 41. Kd1 Nd4 42. Kc1 Kd7 43. Nb5 Rxb5 44. cxb5 Kc7 45. Rxd4 exd4 46. Kd2 Kb6 47. Kd3 Kxb5 48. Kxd4 Kb4 49. Kd5 Kb3 50. Kd6 f6 51. Ke6 Kxb2 52. Kf7 Kc3 53. Kxg7 Kd4 54. Kxf6 Kxe4 55. Kg5 1-0

[Event "Osijek op"]
[Site "Osijek"]
[Date "2007.02.10"]
[Round "4"]
[White "Vlaicevic, Marin"]
[Black "Prekratic, Marijan"]
[Result "0-1"]
[WhiteElo "2070"]
[BlackElo "1936"]
[PlyCount "101"]
[EventDate "2007.02.08"]
[EventType "swiss"]
[EventRounds "9"]
[EventCountry "CRO"]
[SourceTitle "CBM 116 Extra"]
[Source "ChessBase"]
[SourceDate "2007.03.07"]
[SourceVersion "1"]
[SourceVersionDate "2007.03.07"]
[SourceQuality "1"]

1. Nf3 d5 2. d4 Nf6 3. c4 c6 4. Nc3 h6 5. Bf4 Bf5 6. e3 e6 7. Qb3 Qb6 8. Qxb6 axb6 9. a3 Nbd7 10. Be2 Be7 11. 0-0 0-0 12. cxd5 exd5 13. Rac1 Rfc8 14. h3 Bd8 15. Ne5 Nxe5 16. Bxe5 Nd7 17. Bg3 Nf6 18. Rfd1 Bc7 19. Bxc7 Rxc7 20. Bf3 Rd7 21. Rd2 Re7 22. Be2 g5 23. Bd3 Bxd3 24. Rxd3 h5 25. Rcd1 b5 26. R3d2 Rd8 27. Re2 g4 28. hxg4 hxg4 29. f3 Kg7 30. Kf2 Rg8 31. e4 gxf3 32. gxf3 Rd7 33. Rg1+ Kf8 34. Rxg8+ Kxg8 35. e5 Nh5 36. Ke3 Kf8 37. Rg2 Ng7 38. f4 Nf5+ 39. Kd3 Ke7 40. Ne2 Rd8 41. Rh2 b6 42. Rh1 c5 43. Kc3 Rg8 44. Rd1 Ke6 45. b4 c4 46. Kd2 Rg2 47. Ke1 Kd7 48. Rd2 Kc6 49. Kd1 Rh2 50. Ke1 Rh3 51. Ra2 0-1

[Event "Osijek op"]
[Site "Osijek"]
[Date "2007.02.08"]
[Round "1"]
[White "Prekratic, Marijan"]
[Black "Aleksic, Robert"]
[Result "0-1"]
[WhiteElo "1936"]
[BlackElo "2169"]
[PlyCount "120"]
[EventDate "2007.02.08"]
[EventType "swiss"]
[EventRounds "9"]
[EventCountry "CRO"]
[SourceTitle "CBM 116 Extra"]
[Source "ChessBase"]
[SourceDate "2007.03.07"]
[SourceVersion "1"]
[SourceVersionDate "2007.03.07"]
[SourceQuality "1"]

1. e4 e6 2. Nf3 d5 3. exd5 exd5 4. d4 Bd6 5. Bg5 Ne7 6. Bd3 0-0 7. 0-0 c6 8. Nbd2 Bg4 9. c3 Qc7 10. Qb3 Ng6 11. Rae1 Nd7 12. h3 Be6 13. Bb1 Rfe8 14. Qc2 Bf4 15. Re2 Ndf8 16. Rfe1 h6 17. Bxf4 Nxf4 18. Re5 f6 19. R5e3 Bf7 20. Qd1 Rxe3 21. fxe3 N4g6 22. e4 Re8 23. exd5 cxd5 24. Rxe8 Bxe8 25. Nf1 Nf4 26. Qe1 Bb5 27. Qe3 Qd6 28. Kf2 Nh5 29. Bd3 Bd7 30. Nh4 Nf4 31. Bb1 Kf7 32. Ng3 g6 33. Kf3 N8e6 34. Kf2 Ng5 35. a3 f5 36. Nf3 Kf6 37. Ne5 Nfe6 38. Nxd7+ Qxd7 39. Qe5+ Ke7 40. Ne2 Nf7 41. Qg3 Kf6 42. h4 Qd6 43. Qe3 Qh2 44. Qg3 Qxg3+ 45. Kxg3 g5 46. hxg5+ hxg5 47. Kf2 Nd6 48. Ba2 Ne4+ 49. Ke1 Nc7 50. g3 Kg6 51. a4 Kh5 52. Kf1 Kg4 53. Kg2 f4 54. gxf4 gxf4 55. Ng1 Ng5 56. c4 f3+ 57. Kf1 dxc4 58. Bxc4 Kg3 59. d5 Ne4 60. Nxf3 Kxf3 0-1